Top Names of a Century Quiz Stats

 Plays Quiz Updated Nov 8, 2018

Challenge
Share
Tweet
Embed
Score 0/49 Timer 07:00
2 Plays Today
% Correct
John
90.9%
Mary
76.2%
James
75%
Michael
74.2%
William
67.7%
Elizabeth
64.9%
Matthew
63.1%
Robert
62%
David
60.9%
Thomas
57.5%
Mark
56.1%
Sarah
55.3%
George
54.5%
Jennifer
50.1%
Joseph
49.6%
Daniel
48.6%
Richard
46.9%
Christopher
46.3%
Anna
46.1%
Jessica
42.7%
Susan
41.6%
Charles
41.5%
Margaret
39.6%
Edward
38.3%
Frank
34.3%
% Correct
Lisa
31.2%
Joshua
29.8%
Michelle
29.4%
Linda
28.8%
Barbara
27.2%
Ashley
26.9%
Helen
26.7%
Patricia
26.4%
Amanda
26%
Ruth
23.3%
Karen
23.2%
Stephanie
23%
Nancy
22.5%
Betty
22.1%
Melissa
20.8%
Donald
20.8%
Nicole
18.6%
Dorothy
17.7%
Donna
17%
Heather
16.7%
Kimberly
16.3%
Frances
16%
Mildred
8.7%
Virginia
8%

You're not logged in!

Compare scores with friends on all Sporcle quizzes.
OR
Log In

You Might Also Like...

Show Comments

Extras

Top Quizzes Today


Score Distribution

Your Account Isn't Verified!

In order to create a playlist on Sporcle, you need to verify the email address you used during registration. Go to your Sporcle Settings to finish the process.

Report this User

Report this user for behavior that violates our Community Guidelines.

Details: